[Event "Vaujany 2022 Principal"]
[Site "Vaujany"]
[Date "2022.07.16"]
[Round "3.9"]
[White "Das, Arghyadip"]
[Black "Bandet, Raphael"]
[Result "1-0"]
[WhiteElo "2474"]
[BlackElo "2173"]
[Annotator "promoechecs"]
[PlyCount "75"]
[EventDate "2022.07.14"]
[EventType "swiss"]
[EventRounds "9"]
[EventCountry "FRA"]
[SourceVersionDate "2022.07.14"]

1. e4 c5 2. Nf3 g6 3. d4 cxd4 4. Nxd4 Bg7 5. c4 Nc6 6. Nc2 Nf6 7. Nc3 d6 8. Be2
O-O 9. Be3 a5 10. O-O a4 11. Na3 Ne5 12. f3 Bd7 13. Kh1 Qa5 14. f4 Neg4 15. Bg1
Qh5 16. c5 Rfc8 17. h3 Qh6 18. cxd6 exd6 19. Bd4 Ra5 20. Kg1 Rh5 21. Qd3 b5 22.
Naxb5 Rb8 23. Nxd6 Rxb2 24. Rf3 Rb4 25. e5 Bf8 26. exf6 Bxd6 27. Ba7 Qf8 28.
Nd5 Bc5+ 29. Bxc5 Qxc5+ 30. Kh1 Rxd5 31. Qa6 Qb6 32. Qa8+ Qb8 33. Qxd5 Be6 34.
Qg5 Rb1+ 35. Rxb1 Qxb1+ 36. Rf1 Nf2+ 37. Kh2 Qb6 38. Qh6 1-0

[Event "Vaujany 2022 Principal"]
[Site "Vaujany"]
[Date "2022.07.16"]
[Round "3.10"]
[White "Trabet, Nicolas"]
[Black "Horvath, Jozsef"]
[Result "1/2-1/2"]
[WhiteElo "2188"]
[BlackElo "2433"]
[Annotator "promoechecs"]
[PlyCount "65"]
[EventDate "2022.07.14"]
[EventType "swiss"]
[EventRounds "9"]
[EventCountry "FRA"]
[SourceVersionDate "2022.07.14"]

{[%evp 0,53,16,-12,12,12,12,20,22,32,36,28,37,21,11,-10,-10,-11,-11,-8,-11,-20,
-18,-13,-13,-18,-11,1,-3,0,0,-6,7,-61,22,-51,-30,-30,-30,-25,-42,-42,-35,-68,
-76,-93,-83,-83,-86,-79,-79,-79,-85,-43,-60,-58]} 1. c4 b6 2. d4 e6 3. Nc3 Bb7
4. Nf3 Bb4 5. Bd2 Nf6 6. e3 O-O 7. a3 Bxc3 8. Bxc3 Ne4 9. Qc2 d6 10. Bd3 f5 11.
b3 Nd7 12. Bb2 Qe7 13. O-O-O c5 14. Kb1 Rac8 15. Qe2 d5 16. Nd2 e5 17. f3 Nxd2+
18. Qxd2 cxd4 19. exd4 e4 20. Rde1 Qf7 21. fxe4 fxe4 22. Bc2 dxc4 23. bxc4 Qxc4
24. Bxe4 Bxe4+ 25. Rxe4 Nf6 26. Re7 Nd5 27. Rc1 Qb3 28. Rxg7+ Kxg7 29. Qg5+ Kh8
30. Qe5+ Kg8 31. Qg5+ Kh8 32. Qe5+ Kg8 33. Qg5+ 1/2-1/2

[Event "Vaujany 2022 Principal"]
[Site "?"]
[Date "2022.07.16"]
[Round "3.12"]
[White "Frederic, Clement"]
[Black "Di Nicolantonio, Lucas"]
[Result "0-1"]
[WhiteElo "2203"]
[BlackElo "2369"]
[PlyCount "50"]
[SourceVersionDate "2022.07.14"]

1. e4 c6 2. d4 d5 3. f3 Qb6 4. Nc3 e6 5. a3 Nd7 6. Be3 Be7 7. b4 a5 8. Na4 Qc7
9. c3 e5 10. Nh3 dxe4 11. fxe4 Ngf6 12. Nf2 axb4 13. cxb4 exd4 14. Bxd4 O-O 15.
g3 Rd8 16. Qc2 b5 17. Nc3 (17. Bxb5 Qd6) 17... Bxb4 18. Rb1 Ba5 19. Bg2 Ne5 20.
Bc5 Bb6 21. Bxb6 Qxb6 22. O-O Be6 23. Kh1 Rxa3 24. Nh3 Nfg4 25. Rf4 Qa5 0-1

[Event "Vaujany 2022 Principal"]
[Site "?"]
[Date "2022.07.16"]
[Round "3.15"]
[White "Dreyfus, Jacques"]
[Black "Dudognon, Thibault"]
[Result "0-1"]
[WhiteElo "1997"]
[BlackElo "2302"]
[PlyCount "98"]
[SourceVersionDate "2022.07.14"]

1. e4 c5 2. Nf3 d6 3. d4 cxd4 4. Nxd4 Nf6 5. Nc3 a6 6. g3 e5 7. Nb3 Be7 8. Bg2
O-O 9. O-O b5 10. a4 b4 11. Nd5 Nxd5 12. Qxd5 Ra7 13. Be3 Be6 14. Qd2 Rb7 15.
a5 Nd7 16. Rfd1 Qc7 17. Bf1 Qc6 18. Qe2 Ra8 19. Rac1 Rc7 20. c4 bxc3 21. Rxc3
Qb7 22. Rxc7 Qxc7 23. Rc1 Qb7 24. Nd2 Qxb2 25. Nc4 Qxe2 26. Bxe2 Rc8 27. Nb6
Rxc1+ 28. Bxc1 Nb8 29. Ba3 Kf8 30. Nc4 Ke8 31. Nxd6+ Kd7 32. Nb5 Bxa3 33. Nxa3
Kc6 34. Nc4 Bxc4 35. Bxc4 f6 36. f4 Kc5 37. Bg8 h6 38. fxe5 fxe5 39. Be6 Kb4
40. Kf2 Nc6 41. Bc8 Kxa5 42. Kf3 Ne7 43. Be6 Kb4 44. h4 a5 45. h5 a4 46. Ke3
Kc3 47. Bf7 a3 48. Be6 Nc6 49. Bg8 Nd4 0-1

[Event "Vaujany 2022 Principal"]
[Site "?"]
[Date "2022.07.16"]
[Round "3.19"]
[White "Ongut, Tamas Gunes"]
[Black "Roulet-Dubonnet, Emerik Vapenstad"]
[Result "1/2-1/2"]
[WhiteElo "2307"]
[BlackElo "2162"]
[PlyCount "176"]
[SourceVersionDate "2022.07.14"]

1. Nf3 c5 2. e4 e6 3. Nc3 Nc6 4. Bb5 Nge7 5. d4 cxd4 6. Nxd4 Nxd4 7. Qxd4 a6 8.
Be2 Nc6 9. Qe3 Be7 10. O-O O-O 11. Rd1 b5 12. a3 Bb7 13. Qg3 Bh4 14. Qd6 Bc8
15. Bf4 Be7 16. Qd2 Qb6 17. Bd6 Bxd6 18. Qxd6 Qb8 19. Qc5 Qa7 20. Qd6 Qb8 21.
f4 f6 22. Bg4 Nd8 23. Bf3 Qxd6 24. Rxd6 Rb8 25. Rad1 Nf7 26. R6d3 Rd8 27. Bg4
Re8 28. Kf2 Kf8 29. Rh3 Kg8 30. Rhd3 Kf8 31. g3 Ke7 32. Rd4 Rd8 33. a4 bxa4 34.
Nxa4 d6 35. Be2 Bd7 36. b3 Rdc8 37. R1d2 Bb5 38. Nb2 Rc7 39. Rb4 Rcb7 40. Nc4
Bxc4 41. Rxb7+ Rxb7 42. Bxc4 a5 43. c3 Nd8 44. Ra2 Nc6 45. Ke3 Kd7 46. h4 Rb8
47. Kd2 Rb7 48. f5 exf5 49. exf5 Kc7 50. Ra4 Kb6 51. Bd5 Ra7 52. Bxc6 Kxc6 53.
Rc4+ Kd5 54. Ra4 Kc6 55. Kd3 Rb7 56. Rxa5 Rxb3 57. Kc4 Rb7 58. Ra6+ Kd7 59. g4
h6 60. Kd4 Rc7 61. Ra8 Ke7 62. Rg8 Kf7 63. Rh8 Ke7 64. c4 Kd7 65. Rh7 Kc6 66.
h5 Rd7 67. Rh8 Rc7 68. Rg8 Ra7 69. Rh8 Rc7 70. Ra8 Kd7 71. Ra6 Ke7 72. Rb6 Kd7
73. Ra6 Ke7 74. Ra5 Kd7 75. Kd5 Ke7 76. Ra8 Rc5+ 77. Kd4 Rc7 78. Ra5 Kd7 79.
Kc3 Ke7 80. Kb4 Kd7 81. Rb5 Kc6 82. Ra5 Rb7+ 83. Rb5 Rc7 84. c5 Rb7 85. Rxb7
Kxb7 86. cxd6 Kc6 87. d7 Kxd7 88. Kc5 Kc7 1/2-1/2

[Event "Vaujany 2022 Principal"]
[Site "Vaujany"]
[Date "2022.07.16"]
[Round "3.30"]
[White "Fodor, Balazs"]
[Black "Garde, Guillqiune"]
[Result "1-0"]
[WhiteElo "2166"]
[BlackElo "1858"]
[Annotator "fodba"]
[PlyCount "57"]
[EventDate "2022.07.14"]
[EventType "swiss"]
[EventRounds "9"]
[EventCountry "FRA"]
[SourceVersionDate "2022.07.14"]

1. e4 e6 2. d4 d5 3. Nd2 Be7 4. Ngf3 Nf6 5. Bd3 c5 6. exd5 Nxd5 7. dxc5 Bxc5 8.
Ne4 Be7 9. c3 Nc6 10. Qe2 Qc7 11. O-O h6 12. Ng3 Nf6 13. Re1 b6 14. Ne4 Bb7 15.
Nxf6+ Bxf6 16. Be3 O-O-O 17. Ba6 g5 18. Bxb7+ Kxb7 19. a4 g4 20. Nd2 Be5 21. g3
f5 22. a5 Nxa5 23. b4 Nc6 24. Ra3 Rd7 25. Nc4 Kb8 26. Rea1 Qb7 27. Nxe5 Nxe5
28. Bf4 Qc6 29. Qxe5+ 1-0

[Event "Vaujany 2022 Principal"]
[Site "Vaujany"]
[Date "2022.07.16"]
[Round "3.31"]
[White "Fahys, Bertrand"]
[Black "Dreelinck, Adriaan"]
[Result "0-1"]
[WhiteElo "1842"]
[BlackElo "2163"]
[PlyCount "28"]
[EventDate "2022.07.14"]
[EventType "swiss"]
[EventRounds "9"]
[EventCountry "FRA"]
[SourceVersionDate "2022.07.14"]

1. Nf3 d5 2. g3 Nd7 3. b3 e5 4. Bb2 e4 5. Nh4 Ndf6 6. d3 Bc5 7. dxe4 Nxe4 8. e3
Ngf6 9. Bg2 Nxf2 10. Kxf2 Ng4+ 11. Ke1 Nxe3 12. Qe2 O-O 13. Nf3 Re8 14. Ne5 d4
0-1

[Event "Vaujany 2022 Principal"]
[Site "?"]
[Date "2022.07.16"]
[Round "3.33"]
[White "Can, Isil"]
[Black "Bokorovics, Bertalan"]
[Result "1/2-1/2"]
[WhiteElo "1880"]
[BlackElo "2263"]
[PlyCount "87"]
[SourceVersionDate "2022.07.14"]

1. e4 c5 2. Nf3 e6 3. d4 cxd4 4. Nxd4 a6 5. c4 Nf6 6. Nc3 Qc7 7. Be2 b6 8. O-O
Bb7 9. f3 d6 10. Be3 Be7 11. Qe1 O-O 12. Rc1 Nbd7 13. g4 h6 14. h4 Nh7 15. Qg3
Qd8 16. Kg2 d5 17. cxd5 Bxh4 18. Qh2 exd5 19. Nf5 Bg5 20. f4 Bf6 21. Rh1 Re8
22. Nxd5 Rxe4 23. Rcd1 Bd4 24. Rxd4 Rxd4 25. Bxd4 Bxd5+ 26. Bf3 Bxf3+ 27. Kxf3
Ndf6 28. Re1 Qd5+ 29. Kg3 Kf8 30. Qc2 g6 31. Qc3 gxf5 32. Bxf6 Nxf6 33. Qxf6
Qd3+ 34. Kh4 Qd8 35. g5 hxg5+ 36. Kxg5 Rc8 37. Rh1 Qxf6+ 38. Kxf6 Rc6+ 39. Kxf5
Rc2 40. Kf6 Rc6+ 41. Kf5 Ke8 42. Re1+ Kd7 43. Rd1+ Ke7 44. Re1+ 1/2-1/2

[Event "Vaujany 2022 Principal"]
[Site "?"]
[Date "2022.07.16"]
[Round "3.35"]
[White "Bat, Bilguun"]
[Black "Suez-Panama, Gilles"]
[Result "1-0"]
[WhiteElo "2162"]
[BlackElo "1992"]
[PlyCount "83"]
[SourceVersionDate "2022.07.14"]

{[%evp 0,83,27,13,27,-3,5,-42,-28,-28,-9,-17,24,22,38,24,11,26,35,-3,40,47,43,
23,24,23,25,5,51,62,60,60,67,52,63,69,88,90,93,79,82,64,91,38,91,76,73,42,94,
81,95,106,161,154,139,130,150,108,174,195,120,151,184,196,292,358,372,363,360,
369,376,381,476,476,488,524,518,315,321,325,361,370,451,522,538,396]} 1. Nf3
Nf6 2. g3 g6 3. b3 Bg7 4. Bb2 d6 5. Bg2 c6 6. O-O e5 7. c4 O-O 8. Nc3 Bg4 9.
Ne1 Qc8 10. d4 Bh3 11. e3 Re8 12. d5 Bxg2 13. Kxg2 c5 14. e4 h5 15. h3 Nbd7 16.
Bc1 a6 17. a4 b6 18. f3 Rb8 19. Nc2 Nh7 20. Qd3 Rf8 21. Ne3 Ndf6 22. g4 Qd7 23.
Ned1 Rb7 24. Bd2 Ne8 25. gxh5 gxh5 26. Ne3 Bf6 27. Kh2 Kh8 28. Nf5 Ng7 29. Bh6
Nxf5 30. Bxf8 Nh4 31. Bh6 Ng5 32. f4 exf4 33. Rxf4 Nh7 34. Rxf6 Nxf6 35. Bg5
Ng4+ 36. hxg4 Qxg4 37. Bf6+ Kh7 38. Bxh4 Qxh4+ 39. Qh3 Qf2+ 40. Kh1 Kh6 41. Rf1
Qd2 42. Qf3 1-0

[Event "Vaujany 2022 Principal"]
[Site "Vaujany"]
[Date "2022.07.16"]
[Round "3.43"]
[White "Vu Dinh, Adrien"]
[Black "Lucidarme, Damien"]
[Result "1-0"]
[WhiteElo "1990"]
[BlackElo "1869"]
[Annotator "promoechecs"]
[PlyCount "37"]
[EventDate "2022.07.14"]
[EventType "swiss"]
[EventRounds "9"]
[EventCountry "FRA"]
[SourceVersionDate "2022.07.14"]

1. e4 c6 2. d4 d5 3. e5 Bf5 4. h4 h5 5. Bd3 Bxd3 6. Qxd3 Qa5+ 7. Bd2 Qa6 8. e6
Qxd3 9. exf7+ Kxf7 10. cxd3 Nd7 11. Nf3 e6 12. O-O Bd6 13. Be3 Re8 14. Re1 Nh6
15. Nbd2 Re7 16. Re2 Rhe8 17. Rae1 Ng4 18. Ng5+ Kf6 19. Nde4+ (19. Nde4+ dxe4
20. Nxe4+ Kg6 21. Nxd6 Rb8 22. Bg5) 1-0

[Event "Vaujany 2022 Principal"]
[Site "?"]
[Date "2022.07.17"]
[Round "4.1"]
[White "Sengupta, Deep"]
[Black "Can, Isik"]
[Result "0-1"]
[WhiteElo "2534"]
[BlackElo "2445"]
[PlyCount "71"]
[SourceVersionDate "2022.07.14"]

1. e4 e5 2. Nf3 Nc6 3. Nc3 Nf6 4. Bb5 Nd4 5. O-O Nxb5 6. Nxb5 c6 7. Nc3 d6 8.
d4 Qc7 9. Bg5 Be7 10. Qd3 O-O 11. a4 h6 12. Bh4 Bg4 13. dxe5 dxe5 14. Bg3 Rfd8
15. Qe3 Nd7 16. h3 Bc5 17. Qe2 Be6 18. a5 f6 19. Rfb1 Nf8 20. b4 Be7 21. Nd1 c5
22. b5 c4 23. Nc3 Bc5 24. Ra4 Qf7 25. Nh4 Rd7 26. Rd1 Bd4 27. Na2 Rad8 28. Kh1
Bc5 29. Re1 Rd2 30. Qf3 g6 31. Nc3 Kg7 32. Nd5 Bxd5 33. exd5 R8xd5 34. Rxc4 Ne6
35. Qc3 Qd7 36. Nf3 {...} 0-1

[Event "Vaujany 2022 Principal"]
[Site "?"]
[Date "2022.07.17"]
[Round "4.2"]
[White "Bailet, Pierre"]
[Black "Degraeve, Remy"]
[Result "1-0"]
[WhiteElo "2508"]
[BlackElo "2403"]
[PlyCount "97"]
[SourceVersionDate "2022.07.14"]

{[%evp 0,34,27,10,9,5,24,13,25,1,0,1,9,-11,6,-3,4,4,14,14,57,45,28,31,20,19,29,
-10,-8,-15,-13,-11,0,0,0,-6,4]} 1. e4 e5 2. Nf3 Nc6 3. Bb5 a6 4. Ba4 Nf6 5. O-O
Be7 6. Re1 b5 7. Bb3 O-O 8. h3 Bb7 9. d3 Na5 10. Nxe5 Nxb3 11. axb3 d5 12. exd5
Qxd5 13. Qf3 Bd6 14. Kf1 Rfb8 15. Qxd5 Nxd5 16. Bd2 c5 17. c4 Nc7 18. Nc3 Ne6
19. Nd7 Rd8 20. Nb6 Rab8 21. cxb5 axb5 22. Nxb5 Bf8 23. Na3 Rxd3 24. Nac4 Rxb3
25. Nd7 Rd8 26. Nxf8 Kxf8 27. Bc3 Nf4 28. f3 Nd5 29. Be5 Nb4 30. Bc7 Rc8 31.
Bd6+ Kg8 32. Nb6 Rd8 33. Bc7 Rf8 34. Nd7 h6 35. Nxf8 Kxf8 36. Bd6+ Kg8 37. Bxc5
Nc2 38. Re8+ Kh7 39. Rc1 Rxb2 40. Kg1 Ba6 41. Re7 Bc4 42. Rd7 Ra2 43. Rd2 Bb3
44. Kf2 Ba4 45. Ke2 Rb2 46. Kf2 Kg6 47. Kg3 Kf5 48. Bd4 Rb4 49. Bc3 1-0

[Event "Vaujany 2022 Principal"]
[Site "?"]
[Date "2022.07.17"]
[Round "4.3"]
[White "Celik, Hasan Huseyin"]
[Black "Hamdouchi, Hicham"]
[Result "1/2-1/2"]
[WhiteElo "2363"]
[BlackElo "2536"]
[PlyCount "124"]
[SourceVersionDate "2022.07.14"]

1. e4 e6 2. d4 d5 3. Nd2 Nc6 4. Ngf3 Nf6 5. e5 Nd7 6. Nb3 a5 7. a4 Be7 8. Bf4
b6 9. Bb5 Na7 10. Be2 c5 11. c3 Nc6 12. O-O O-O 13. Re1 Ba6 14. Bxa6 Rxa6 15.
Qe2 Ra7 16. Rac1 Re8 17. Red1 Qc8 18. Be3 Rc7 19. Bf4 Qb7 20. c4 Nb4 21. Bd2
Qa6 22. Kf1 Rec8 23. Bxb4 axb4 24. cxd5 {(=)} Qxe2+ 25. Kxe2 exd5 26. dxc5 bxc5
27. Rxd5 Nb6 28. Rd2 Nxa4 29. Ra1 Nb6 30. Ra6 Nd7 31. Na5 c4 32. Rc6 Rxc6 33.
Nxc6 Rxc6 34. Rxd7 c3 35. bxc3 bxc3 36. Nd4 c2 37. Nxc6 c1=Q 38. Nxe7+ Kf8 39.
Nd5 g5 40. Ne3 Qb2+ 41. Rd2 Qxe5 42. Rd8+ Kg7 43. Rd5 Qb2+ 44. Ke1 Kg6 45. h3
h5 46. Kf1 Qb1+ 47. Ke2 f6 48. Rf5 Qa2+ 49. Ke1 Qa1+ 50. Ke2 Qa6+ 51. Ke1 Qd3
52. Rd5 Qe4 53. Ke2 Kf7 54. Rf5 Ke6 55. Rd5 h4 56. Rf5 Qa4 57. Rd5 Qa2+ 58. Ke1
Qa6 59. Kd2 Qa2+ 60. Ke1 Qb3 61. Ke2 Qa3 62. Kd2 Qa2+ 1/2-1/2

[Event "Vaujany 2022 Principal"]
[Site "Vaujany"]
[Date "2022.07.17"]
[Round "4.4"]
[White "Dudognon, Thibault"]
[Black "Das, Arghyadip"]
[Result "1-0"]
[WhiteElo "2302"]
[BlackElo "2474"]
[PlyCount "101"]
[EventDate "2022.07.14"]
[EventType "swiss"]
[EventRounds "9"]
[EventCountry "FRA"]
[SourceVersionDate "2022.07.14"]

1. e4 c5 2. Nf3 d6 3. d4 cxd4 4. Nxd4 Nf6 5. Nc3 Nc6 6. Bc4 e6 7. Be3 Be7 8.
Qe2 a6 9. O-O-O Nxd4 10. Rxd4 Qc7 11. Bb3 b5 12. f3 Rb8 13. g4 Nd7 14. g5 Nc5
15. f4 Bd7 16. f5 b4 17. fxe6 fxe6 18. Nb1 Nxb3+ 19. axb3 O-O 20. h4 e5 21. Rd2
Be6 22. g6 Bxb3 23. gxh7+ Kh8 24. Bg5 Rbc8 25. Rg1 Bxg5 26. hxg5 Bc4 27. Qg2
Qa5 28. Qh3 Qc5 29. Rgd1 g6 30. b3 Bb5 31. Qh6 Bd3 32. Kb2 Bxe4 33. Rc1 Rf3 34.
Qh4 d5 35. Qh2 Qc7 36. Rf2 Rxf2 37. Qxf2 Bf5 38. c4 Qg7 39. Qb6 e4+ 40. Ka2 d4
41. Nd2 Qe5 42. c5 Be6 43. c6 Bd5 44. Qc5 Re8 45. c7 Bb7 46. Qxb4 Bc8 47. Nc4
Qh2+ 48. Kb1 e3 49. Nd6 Qd2 50. Qxd2 exd2 51. Nxe8 1-0

[Event "Vaujany 2022 Principal"]
[Site "Vaujany"]
[Date "2022.07.17"]
[Round "4.5"]
[White "Das, Sayantan"]
[Black "Migot, Tangi"]
[Result "1/2-1/2"]
[WhiteElo "2449"]
[BlackElo "2353"]
[PlyCount "112"]
[EventDate "2022.07.14"]
[EventType "swiss"]
[EventRounds "9"]
[EventCountry "FRA"]
[SourceVersionDate "2022.07.14"]

1. e4 e5 2. Nf3 Nc6 3. Bb5 a6 4. Ba4 Nf6 5. O-O Be7 6. Re1 b5 7. Bb3 d6 8. c3
O-O 9. h3 Nb8 10. d4 Nbd7 11. Nbd2 Bb7 12. Bc2 Re8 13. Nf1 Bf8 14. Ng3 g6 15.
Bd2 Bg7 16. Qc1 d5 17. Bg5 Qc8 18. Nxe5 Nxe5 19. Bxf6 Bxf6 20. dxe5 Bxe5 21. f4
Bg7 22. e5 c5 23. Qd2 Qc7 24. Rad1 Rad8 25. Qf2 d4 26. Be4 dxc3 27. Rxd8 Rxd8
28. bxc3 c4 29. Bxb7 Qxb7 30. Ne4 Qc6 31. Qh4 Rf8 32. Qe7 Re8 33. Qa7 Ra8 34.
Qd4 Rf8 35. Nd6 Rd8 36. Qa7 Rf8 37. Rd1 Bh6 38. Qe3 Qd7 39. Qf3 Qe6 40. Re1 f6
41. f5 gxf5 42. Nxf5 fxe5 43. Qg3+ Kh8 44. Rxe5 Qf6 45. Rd5 Qe6 46. Re5 Qf6 47.
Nxh6 Qxh6 48. Rg5 Qb6+ 49. Kh2 Qb8 50. Re5 Re8 51. Rxe8+ Qxe8 52. Qd6 Kg7 53.
Qd4+ Kg6 54. Qg4+ Kf6 55. Qf4+ Kg6 56. Qg4+ Kf6 1/2-1/2

[Event "Vaujany 2022 Principal"]
[Site "?"]
[Date "2022.07.17"]
[Round "4.6"]
[White "Devallee, Jeremie"]
[Black "Philippe, Guillaume"]
[Result "1/2-1/2"]
[WhiteElo "2238"]
[BlackElo "2413"]
[PlyCount "66"]
[SourceVersionDate "2022.07.14"]

1. e4 c5 2. Nc3 e6 3. g3 a6 4. Bg2 b5 5. Nge2 Bb7 6. d4 cxd4 7. Nxd4 Nf6 8. O-O
b4 9. Na4 Bxe4 10. Bxe4 Nxe4 11. Re1 Nf6 12. Qf3 d5 13. Bf4 Be7 14. c4 bxc3 15.
bxc3 O-O 16. Rab1 Bd6 17. Nb6 Bxf4 18. Nxa8 Bd2 19. Rxe6 fxe6 20. Nxe6 Qd6 21.
Nxf8 Kxf8 22. Nb6 Nc6 23. Qd3 Ne5 24. Qxa6 Kf7 25. Qc8 Kg6 26. Kg2 Qe7 27. Rd1
Nf3 28. Nxd5 Qe4 29. Nxf6 gxf6 30. Qg8+ Kh6 31. Qf8+ Kg6 32. Qg8+ Kh6 33. Qf8+
Kg6 1/2-1/2

[Event "Vaujany 2022 Principal"]
[Site "Vaujany"]
[Date "2022.07.17"]
[Round "4.7"]
[White "Flear, Glenn C"]
[Black "Joie, Sebastien"]
[Result "1/2-1/2"]
[WhiteElo "2409"]
[BlackElo "2363"]
[Annotator "Flear,Glenn"]
[PlyCount "87"]
[EventDate "2022.07.14"]
[EventType "swiss"]
[EventRounds "9"]
[EventCountry "FRA"]
[SourceVersionDate "2022.07.14"]

{[%evp 0,87,19,31,43,-4,44,25,31,41,44,29,34,35,26,39,33,20,6,0,10,17,25,25,12,
-18,52,-4,-10,-10,23,-6,-14,4,-2,-14,-21,-16,-7,10,0,-10,-10,-11,-28,-36,24,
-18,-43,-3,-45,-38,-13,-47,-45,-61,-27,-25,15,7,3,-13,-25,-26,-39,-32,-28,-35,
-43,-49,-49,-48,0,-7,0,0,14,7,18,14,0,18,18,15,0,0,0,0,0,0]} 1. d4 d5 2. c4 c6
3. Nc3 Nf6 4. e3 Bf5 5. cxd5 cxd5 6. Qb3 Nc6 7. Qxb7 Bd7 8. Qb3 Rb8 9. Qd1 e5
10. Nf3 Bd6 11. dxe5 Nxe5 12. Nd4 Ne4 13. Be2 O-O 14. O-O Qh4 15. f4 Ng4 16.
Bxg4 Bxg4 17. Nf3 Bxf3 18. Qxf3 Nxc3 19. bxc3 Rfd8 20. Bd2 Qf6 21. Rad1 Bc5 22.
Be1 Re8 23. Kh1 Qa6 24. Bf2 Re4 25. Bg1 (25. a4) 25... Qxa2 26. Rd3 Qc4 27.
Rfd1 Rbe8 28. Rxd5 Qxc3 29. Rd8 Qf6 30. Rxe8+ Rxe8 31. e4 Bxg1 32. Kxg1 a5 33.
e5 Qb6+ 34. Qf2 Qb3 35. Qd4 g6 36. h3 a4 37. Rd3 Qb5 38. Kh2 Ra8 39. Qe4 Qe8
40. Ra3 Ra6 41. Qc4 Ra8 42. Qe4 Ra6 43. Qc4 Ra8 44. Qe4 1/2-1/2

[Event "Vaujany 2022 Principal"]
[Site "Vaujany"]
[Date "2022.07.17"]
[Round "4.8"]
[White "Barua, D.."]
[Black "Piceu, T.."]
[Result "1-0"]
[WhiteElo "2393"]
[BlackElo "2320"]
[PlyCount "55"]
[EventDate "2022.07.14"]
[EventType "swiss"]
[EventRounds "9"]
[EventCountry "FRA"]
[SourceVersionDate "2022.07.14"]

{[%evp 0,55,26,36,51,68,79,67,67,38,38,33,60,14,50,25,58,38,31,30,45,7,9,9,15,
14,14,14,14,6,10,9,9,18,13,36,44,26,53,37,70,36,53,54,59,30,106,97,215,215,205,
140,296,296,262,231,370,370]} 1. e4 c5 2. Nf3 d6 3. d4 cxd4 4. Nxd4 Nf6 5. Nc3
a6 6. h3 e6 7. g4 Nfd7 8. Bg2 Be7 9. O-O Nc6 10. Nde2 O-O 11. a4 Rb8 12. Be3 b5
13. axb5 axb5 14. Nd4 Nxd4 15. Qxd4 Ne5 16. b3 b4 17. Ne2 Ng6 18. Ra7 Nh4 19.
Bh1 h5 20. f3 e5 21. Qd2 Rb7 22. Ra8 Rd7 23. c4 bxc3 24. Nxc3 hxg4 25. fxg4 Rb7
26. Nd5 Ng6 27. Rc1 Qd7 28. Qc2 1-0

[Event "Vaujany 2022 Principal"]
[Site "Vaujany"]
[Date "2022.07.17"]
[Round "4.9"]
[White "Di Nicolantonio, Lucas"]
[Black "Adrian, Claude"]
[Result "1-0"]
[WhiteElo "2369"]
[BlackElo "2174"]
[PlyCount "43"]
[EventDate "2022.07.14"]
[EventType "swiss"]
[EventRounds "9"]
[EventCountry "FRA"]
[SourceVersionDate "2022.07.14"]

1. Nf3 Nf6 2. c4 c5 3. Nc3 e6 4. e3 d5 5. cxd5 exd5 6. d4 a6 7. Be2 cxd4 8.
Nxd4 Bd6 9. b3 O-O 10. Bb2 Nc6 11. O-O Re8 12. Bf3 Bc7 13. Rc1 Qd6 14. g3 Bh3
15. Re1 Qd7 16. Nxc6 bxc6 17. Na4 Ne4 18. Bxe4 Rxe4 19. Nc5 Qf5 20. Nxe4 Qxe4
21. f3 Qg6 22. Qc2 1-0

[Event "Vaujany 2022 Principal"]
[Site "Vaujany"]
[Date "2022.07.17"]
[Round "4.10"]
[White "Bauer, Christian"]
[Black "Trabet, Nicolas"]
[Result "1-0"]
[WhiteElo "2609"]
[BlackElo "2188"]
[PlyCount "25"]
[EventDate "2022.07.14"]
[EventType "swiss"]
[EventRounds "9"]
[EventCountry "FRA"]
[SourceVersionDate "2022.07.14"]

1. e4 c5 2. Na3 Nc6 3. Bb5 Qb6 4. Nf3 a6 5. Bxc6 Qxc6 6. O-O Qxe4 7. Re1 Qg6 8.
d4 e6 9. Nc4 b5 10. Nce5 Qh5 11. g4 Qh3 12. Ng5 Qh4 13. Qf3 1-0

[Event "Vaujany 2022 Principal"]
[Site "Vaujany"]
[Date "2022.07.17"]
[Round "4.11"]
[White "Horvath, Jozsef"]
[Black "Saya, Ethan"]
[Result "1-0"]
[WhiteElo "2433"]
[BlackElo "2171"]
[PlyCount "51"]
[EventDate "2022.07.14"]
[EventType "swiss"]
[EventRounds "9"]
[EventCountry "FRA"]
[SourceVersionDate "2022.07.14"]

{[%evp 0,51,16,28,28,18,28,28,29,3,5,-2,15,21,23,4,2,12,14,36,24,-19,10,6,81,
81,29,37,42,48,68,63,89,76,111,101,186,177,209,172,333,416,337,218,327,157,186,
177,170,181,268,236,364,364]} 1. d4 d5 2. Bf4 Nf6 3. e3 e6 4. Nd2 Bd6 5. Bg3
O-O 6. Bd3 c5 7. c3 Qc7 8. dxc5 Qxc5 9. Ngf3 Nbd7 10. c4 Bxg3 11. hxg3 e5 12.
cxd5 Qxd5 13. Qc2 h6 14. a3 b6 15. Bc4 Qc5 16. b4 Qe7 17. Nh4 Re8 18. Ng6 Qd6
19. Qa2 Rd8 20. Bxf7+ Kh7 21. Nc4 Qd3 22. Rd1 Qc3+ 23. Qd2 Qxd2+ 24. Rxd2 Ba6
25. Nd6 Rab8 26. Ne7 1-0

[Event "Vaujany 2022 Principal"]
[Site "Vaujany"]
[Date "2022.07.17"]
[Round "4.12"]
[White "Dreelinck, Adriaan"]
[Black "Guilleux, Fabien"]
[Result "0-1"]
[WhiteElo "2163"]
[BlackElo "2392"]
[Annotator "promoechecs"]
[PlyCount "126"]
[EventDate "2022.07.14"]
[EventType "swiss"]
[EventRounds "9"]
[EventCountry "FRA"]
[SourceVersionDate "2022.07.14"]

{[%evp 0,122,16,10,14,-7,40,41,40,40,40,40,40,34,57,19,16,7,13,4,4,7,14,0,-6,
-12,-12,-27,-27,-14,-8,-22,-22,-22,-16,-32,-22,-4,0,-41,-41,-43,-49,-52,-45,
-98,-97,-92,-92,-92,-103,-103,-103,-94,-94,-150,-155,-152,-143,-164,-172,-166,
-180,-190,-128,-128,-128,-136,-129,-129,-129,-129,-136,-136,-134,-136,-136,
-134,-134,-146,-158,-171,-170,-179,-203,-203,-203,-203,-220,-243,-245,-265,
-228,-249,-250,-251,-233,-252,-256,-256,-248,-248,-291,-297,-316,-316,-311,
-320,-327,-357,-369,-400,-357,-359,-433,-320,-465,-508,-525,-528,-533,-528,
-537,-536,-566]} 1. d4 Nf6 2. c4 g6 3. Nc3 Bg7 4. e4 d6 5. Nf3 O-O 6. Be2 e5 7.
d5 a5 8. Bg5 h6 9. Bh4 Na6 10. Nd2 Qe8 11. a3 Bd7 12. Qc2 a4 13. f3 Nh5 14. Bf2
Nc5 15. Bxc5 dxc5 16. g3 Qe7 17. O-O-O Bf6 18. f4 Ng7 19. d6 cxd6 20. Nd5 Qd8
21. Nf3 Bc6 22. Rhf1 Ne6 23. Nxf6+ Qxf6 24. Rxd6 exf4 25. e5 Qg7 26. gxf4 Nxf4
27. Qd2 Nxe2+ 28. Qxe2 Rae8 29. e6 fxe6 30. Rxe6 Qf7 31. Rxe8 Qxe8 32. Qxe8
Rxe8 33. Re1 Rxe1+ 34. Nxe1 Be4 35. Kd2 Kf7 36. Ke3 Bb1 37. Nf3 Kf6 38. Nd2 Bc2
39. Nf3 Kf5 40. Ng1 Kg4 41. Nf3 Kh3 42. Kf2 Bf5 43. Kg1 Kg4 44. Kf2 Kf4 45. Nd2
Bc2 46. Ke2 g5 47. Nf1 h5 48. Ne3 Be4 49. Kf2 Bf3 50. Nf1 g4 51. Nd2 h4 52. b3
Bd1 53. bxa4 Bxa4 54. Nf1 Bd1 55. Ke1 Bb3 56. Nd2 Bc2 57. Kf2 Bd3 58. a4 b6 59.
a5 bxa5 60. Nb3 a4 61. Nxc5 Bc2 62. Ne6+ Ke5 63. Nd8 Kd6 0-1

[Event "Vaujany 2022 Principal"]
[Site "?"]
[Date "2022.07.17"]
[Round "4.14"]
[White "Bournel, Antoine"]
[Black "Fodor, Balazs"]
[Result "1/2-1/2"]
[WhiteElo "2324"]
[BlackElo "2166"]
[PlyCount "71"]
[SourceVersionDate "2022.07.14"]

{[%evp 0,28,27,27,27,0,47,44,37,33,45,38,38,38,32,36,57,38,47,50,78,40,77,41,
28,28,64,-29,9,-20,5]} 1. d4 Nf6 2. c4 g6 3. Nc3 Bg7 4. e4 d6 5. Nf3 O-O 6. Be2
Nbd7 7. O-O e5 8. Be3 Ng4 9. Bg5 f6 10. Bc1 Nh6 11. h3 Nf7 12. Qc2 f5 13. dxe5
Ndxe5 14. exf5 Bxf5 15. Qd1 c6 16. Nxe5 Nxe5 17. f4 Nf7 18. Be3 Re8 19. Bd4
Bxd4+ 20. Qxd4 Qe7 21. Bf3 Qe3+ 22. Qxe3 Rxe3 23. Kf2 Rae8 24. Rfe1 Rxe1 25.
Rxe1 Rxe1 26. Kxe1 Kf8 27. Kd2 Ke7 28. Ke3 a6 29. Kd4 Nd8 30. Ke3 Nf7 31. a3
Bd7 32. Ne2 Nd8 {(=)} 33. Be4 b5 34. cxb5 axb5 35. b4 d5 36. Bc2 1/2-1/2